Statistics for George Ezra Music

Click here to take the quiz!

General Stats

  • This quiz has been taken 54 times
    (11 since last reset)
  • The average score is 16 of 35

Answer Stats

albumsongs% Correct
Shotgun
88%
Budapest
75%
green green grass
75%
Paradise
75%
Gold rush kid (tiger lily)Anyone for you
63%
Cassy o
63%
gold rush kid
63%
Hold My Girl
63%
In the morning
63%
Manila
63%
Sweetest human being alive
63%
wanted on VoyageBlame it on me
50%
dance all over me
50%
Did you hear the rain?
50%
fell in love at the end of the world
50%
I went hunting
50%
Listen to the man
50%
Sugarcoat
50%
All my Love
38%
Barcelona
38%
Don't give up
38%
Don't Matter Now
38%
Drawing Board
38%
Getaway
38%
Leaving it up to you
38%
Love somebody Else
38%
Stand by Your Gun
38%
The Sun went down
38%
Only a Human
25%
Staying at Tamara'sPretty Shining People
25%
Saviour
25%
The Beautiful Dream
25%
Breakaway
13%
Over the Creek
13%
Spectacuar rival
0%

Score Distribution

Percentile by Number Answered

Percent of People with Each Score

Your Score History

You have not taken this quiz since the last reset